00462nam a2200133 a 450000100100000000500170001000800410002704000250006808200150009324501000010826000320020830000200024050000680026000004222820201002040022.0131120s1997 ne 000 0 spa d aDO-SdBNPbengcBNPHU axxxxbxxxx00aVisions of the future II. :ban account of the proceedings of th 50th world newspaper congress. aAmsterdam :b[s.d.],c1997. a90 p. ;c23 cm. aPerteneció a la biblioteca personal de Germán Emilio Ornes.